| 000 | 00415nam a22001697a 4500 | ||
|---|---|---|---|
| 005 | 20251108164326.0 | ||
| 008 | 250721s1993 xx 000 0 ara d | ||
| 082 | 1 | 4 | _a920.72/سمي |
| 100 | 1 | _aشيخاني، سمير | |
| 245 | 1 | 0 | _aنساء / |
| 264 | 1 |
_aبيروت : _bدار الجيل، _c1993. |
|
| 300 | _aج | ||
| 650 | 1 | 7 | _aالمرأة |
| 650 | 1 | 7 | _aالتراجم |
| 942 |
_2ddc _cBK |
||
| 999 |
_c9382 _d9382 |
||